Statistics for Presidents by Economic Growth

Click here to take the quiz!

General Stats

  • This quiz has been taken 16 times
  • The average score is 8 of 10

Answer Stats

Increase Gain President % Correct
148.2%11,783.3Barack Obama
100%
45.7%1,020.6George H.W. Bush
93%
226.6%7,345.6Bill Clinton
86%
135.5%1,288.4Ronald Reagan
86%
31.5%224.1Lyndon B. Johnson
86%
154.5%96.0Franklin D. Roosevelt
71%
119.6%344.4Dwight D. Eisenhower
71%
62.7%25.9William McKinley
71%
266.0%231.9Calvin Coolidge
64%
81.1%128.5Harry S. Truman
64%

Score Distribution

Percentile by Number Answered

Percent of People with Each Score

Your Score History

You have not taken this quiz